000 00603nam a22002297a 4500
003 UA-OsUOA
001 36919
007 ta
008 20060216b un ||||| |||| 00| 0 ukr d
090 _a330. 1
_bО - 75
942 _cBK
040 _aUA-OsUOA
_bukr
_cUA-OsUOA
_dUA-OsUOA
245 _aОснови економічної теорії
_cЗа ред. проф. Мочерного С. В.
300 _a688 с.
955 _a2
041 _aukr
080 _a330. 1
020 _a5-8321-0010-7
260 _aТернопіль
_bАТ "Тернікс"
_c1993
650 7 _2UDC
999 _c323150
_d323150